000 00588nam a2200205 a 4500
005 20140414093840.0
008 070817s19uu xx 00 eng d
050 _aCDR 371.3
_bCLA 2004
245 _aStudy skills sucess!.
260 _aSl :
_bClarity.
300 _a1 CDR
500 _aContents: Results manger & authoring kit
520 _aWriting research, listening, speaking, reading and vocabulary grammar.
650 _aStudy skills.
650 _aIndependent study.
650 _aSelf culture.
650 _aArt study and teaching.
942 _cAVM
999 _c109218
_d109218